[Event "Elit(Manhem-Upsala)"]
[Site "?"]
[Date "2008.03.09"]
[Round "11"]
[White "Winsnes, Rikard"]
[Black "Johansson, Jan"]
[Result "1/2-1/2"]
[WhiteElo "2493"]
[BlackElo "2489"]
[PlyCount "45"]

1. e4 d6 2. d4 Nf6 3. Nc3 e5 4. Nf3 Nbd7 5. Bc4 Be7 6. O-O O-O 7. Re1 c6 8. a4
b6 9. d5 cxd5 10. Bxd5 Rb8 11. Nd2 Nc5 12. Nc4 Nxd5 13. Nxd5 Be6 14. Nxe7+ Qxe7
15. Qxd6 Qf6 16. b3 Bxc4 17. Qxf6 gxf6 18. bxc4 Rfc8 19. a5 bxa5 20. Rxa5 Rb4
21. Ba3 Rxc4 22. Bxc5 R8xc5 23. Rxa7 1/2-1/2

[Event "Elit(Manhem-Upsala)"]
[Site "?"]
[Date "2008.03.09"]
[Round "11"]
[White "Jansson, Borje"]
[Black "Nithander, Victor"]
[Result "1/2-1/2"]
[WhiteElo "2297"]
[BlackElo "2404"]
[PlyCount "72"]

1. e4 g6 2. d4 Bg7 3. Nc3 d6 4. Nf3 a6 5. Be2 b5 6. O-O Bb7 7. Re1 Nd7 8. Bf1
c5 9. d5 Ngf6 10. a4 b4 11. Nb1 O-O 12. Nbd2 a5 13. Nc4 Ba6 14. h3 Qc7 15. Bg5
Rfe8 16. Nfd2 e6 17. Bf4 exd5 18. Bxd6 Qc6 19. exd5 Nxd5 20. Rxe8+ Rxe8 21. Bg3
Qa8 22. Rb1 N7b6 23. Qf3 Qa7 24. Nd6 Rf8 25. N2c4 Nxc4 26. Bxc4 Bxc4 27. Nxc4
Nb6 28. Qb3 Nxc4 29. Qxc4 Rd8 30. Qe2 h5 31. b3 Qa8 32. Rd1 Bd4 33. Re1 Bc3 34.
Rd1 Bd4 35. Re1 Bc3 36. Rd1 Bd4 1/2-1/2

[Event "Elit(Manhem-Upsala)"]
[Site "?"]
[Date "2008.03.09"]
[Round "11"]
[White "Sagit, Rauan"]
[Black "Glimbrandt, Torbjorn"]
[Result "1-0"]
[WhiteElo "2344"]
[BlackElo "2313"]
[PlyCount "99"]

1. e4 e6 2. d4 d5 3. Nd2 c5 4. Ngf3 Nc6 5. dxc5 Bxc5 6. Bd3 Nf6 7. O-O O-O 8.
a3 Ng4 9. h3 Nf6 10. b4 Be7 11. Bb2 a6 12. Re1 b5 13. Qe2 Bb7 14. exd5 Nxd5 15.
Qe4 g6 16. c4 bxc4 17. Bxc4 Bf6 18. Bxf6 Nxf6 19. Qf4 Kg7 20. Nb3 Nh5 21. Qe3
Ne7 22. Nc5 Bd5 23. Bxa6 Nf5 24. Qc3+ Kg8 25. Ne5 Qg5 26. Bf1 Nh4 27. g3 f6 28.
Nxe6 Bxe6 29. Ng4 Bxg4 30. gxh4 Qf4 31. Qc4+ Be6 32. Rxe6 Kh8 33. Qxf4 Nxf4 34.
Re4 g5 35. hxg5 fxg5 36. Re5 Rad8 37. Rxg5 Rd2 38. Rg3 Nh5 39. Rg4 Rfxf2 40.
Rg2 Rxg2+ 41. Bxg2 Nf4 42. Bf1 Rb2 43. b5 Ne6 44. a4 Nd4 45. Ra3 Kg7 46. Rd3
Nb3 47. b6 Nc5 48. a5 Nxd3 49. Bxd3 Rb3 50. Be4 1-0

[Event "Elit(Manhem-Upsala)"]
[Site "?"]
[Date "2008.03.09"]
[Round "11"]
[White "Andersson, Fredrik"]
[Black "Akesson, Joel"]
[Result "1/2-1/2"]
[WhiteElo "2316"]
[BlackElo "2351"]
[PlyCount "45"]

1. d4 d5 2. Nf3 Nf6 3. Bg5 Ne4 4. Bf4 c5 5. e3 Nc6 6. c3 Qb6 7. Qb3 c4 8. Qxb6
axb6 9. Nbd2 Nxd2 10. Kxd2 b5 11. Be2 b4 12. cxb4 Nxb4 13. b3 Bf5 14. bxc4 Nc2
15. cxd5 Nxa1 16. Rxa1 f6 17. Bc4 g5 18. Bg3 Kf7 19. Ne1 h5 20. h3 e6 21. e4
exd5 22. Bxd5+ Be6 23. Bxb7 1/2-1/2

[Event "Elit(Manhem-Upsala)"]
[Site "?"]
[Date "2008.03.09"]
[Round "11"]
[White "Andersson, Bjorn"]
[Black "Burwick, Malte"]
[Result "1/2-1/2"]
[WhiteElo "2334"]
[BlackElo "2285"]
[PlyCount "27"]

1. e4 g6 2. d4 Bg7 3. Nc3 d6 4. Nf3 a6 5. Be3 Nd7 6. Qd2 b5 7. a4 b4 8. Ne2 Bb7
9. Ng3 c5 10. Bd3 Qc7 11. c3 c4 12. Be2 b3 13. O-O d5 14. Bf4 1/2-1/2

[Event "Elit(Manhem-Upsala)"]
[Site "?"]
[Date "2008.03.09"]
[Round "11"]
[White "Lindberg, Henrik"]
[Black "Moberg, Karl Johan"]
[Result "1-0"]
[WhiteElo "2288"]
[BlackElo "2305"]
[PlyCount "111"]

1. c4 e5 2. Nc3 Bb4 3. g3 Nf6 4. Bg2 O-O 5. Nf3 Re8 6. O-O e4 7. Ne1 Bxc3 8.
dxc3 d6 9. Nc2 Nbd7 10. Ne3 a5 11. f4 exf3 12. exf3 a4 13. Qd4 Nc5 14. Bd2 Bd7
15. Rae1 Bc6 16. Nd5 Bxd5 17. cxd5 Qd7 18. c4 Rxe1 19. Rxe1 Re8 20. Rxe8+ Qxe8
21. Kf2 Qe5 22. Bc3 Qxd4+ 23. Bxd4 Nfd7 24. Ke3 Kf8 25. Bf1 f6 26. Be2 Ke7 27.
Bd1 Ne5 28. b3 axb3 29. axb3 g6 30. f4 Ned7 31. b4 Na6 32. Bc3 b6 33. Bc2 Nab8
34. g4 Nf8 35. h4 Nbd7 36. g5 f5 37. h5 Kf7 38. h6 Ke7 39. Ba4 Kf7 40. Bb5 Ke7
41. Bg7 Kd8 42. Kd3 Kc8 43. Bc6 Kd8 44. Kc3 Ke7 45. Kb3 Nb8 46. Bf6+ Kf7 47.
Bb5 c5 48. dxc6 Ne6 49. Kc3 Nxc6 50. Bxc6 Nxf4 51. Bd8 Nh3 52. Bxb6 Nxg5 53.
Be3 Ne6 54. Bd5 Ke7 55. Bxe6 Kxe6 56. Kd4 1-0

[Event "Elit(Manhem-Upsala)"]
[Site "?"]
[Date "2008.03.09"]
[Round "11"]
[White "Schneider, Lars-Ake"]
[Black "Marttala, Thomas"]
[Result "1/2-1/2"]
[WhiteElo "2336"]
[BlackElo "2272"]
[PlyCount "96"]

1. e4 e5 2. Nf3 Nc6 3. Bb5 a6 4. Bxc6 dxc6 5. O-O Qd6 6. d3 f6 7. Be3 Ne7 8.
Nbd2 Be6 9. Qe2 c5 10. Nc4 Bxc4 11. dxc4 Ng6 12. c3 Qe6 13. a3 Be7 14. b4 O-O
15. Rfd1 cxb4 16. cxb4 Rfd8 17. h3 Rxd1+ 18. Rxd1 a5 19. c5 axb4 20. axb4 c6
21. Nd2 Ra4 22. Rb1 Nf4 23. Bxf4 exf4 24. Qd3 Ra8 25. Nf3 Rd8 26. Qc2 Bf8 27.
Re1 g6 28. e5 Rd5 29. exf6 Qxf6 30. Qe4 Qf5 31. Qe8 Qd7 32. Qb8 Rd1 33. Rxd1
Qxd1+ 34. Kh2 Qd7 35. Qxf4 Bg7 36. Qb8+ Bf8 37. Qf4 Bg7 38. g3 Qe7 39. Kg2 Bf6
40. h4 Kg7 41. Ng5 Bxg5 42. hxg5 Qd7 43. Qe5+ Kg8 44. Kh2 Qf7 45. f4 Qd7 46.
Qb8+ Kg7 47. Qe5+ Kg8 48. Qb8+ Kg7 1/2-1/2

[Event "Elit(Skara-Solna)"]
[Site "?"]
[Date "2008.03.09"]
[Round "11"]
[White "Lindberg, Bengt"]
[Black "Kotronias, Vasilios"]
[Result "1-0"]
[WhiteElo "2458"]
[BlackElo "2718"]
[PlyCount "131"]
[EventDate "2008.??.??"]

1. e4 c5 2. Nf3 Nc6 3. d4 cxd4 4. Nxd4 Nf6 5. Nc3 d6 6. Bg5 e6 7. Qd2 Be7 8.
O-O-O O-O 9. f4 Nxd4 10. Qxd4 Qa5 11. Bc4 b5 12. Bxb5 Rb8 13. e5 dxe5 14. fxe5
Rxb5 15. exf6 Rb4 16. Qe3 Bc5 17. Qg3 Bf2 18. Qxf2 Qxg5+ 19. Rd2 Rd8 20. Rhd1
gxf6 21. b3 Rbd4 22. Nb1 Bb7 23. g3 Kg7 24. Kb2 Rxd2 25. Rxd2 Qe5+ 26. c3 Ra8
27. Na3 Bd5 28. Re2 Qh5 29. c4 Bf3 30. Re3 Bc6 31. Qd2 f5 32. Qd4+ Kg6 33. h4
Qg4 34. Qxg4+ fxg4 35. b4 Kf5 36. Nc2 e5 37. b5 Bf3 38. a4 Rc8 39. Re1 Be4 40.
Ne3+ Ke6 41. Kb3 f5 42. Kb4 Bf3 43. c5 Kf6 44. Nc4 f4 45. c6 Bxc6 46. bxc6 Rxc6
47. Nxe5 Rb6+ 48. Kc5 Kf5 49. Nc4 Re6 50. Rf1 f3 51. Kd4 Kg6 52. Ne3 Rb6 53.
Rc1 h5 54. Rc5 Rb4+ 55. Rc4 Rb1 56. Rc6+ Kf7 57. Rc5 Rb4+ 58. Kc3 Rxa4 59. Rxh5
Ra3+ 60. Kd4 Ra4+ 61. Ke5 Ra5+ 62. Nd5 Ra3 63. Rf5+ Kg6 64. h5+ Kh6 65. Rf6+
Kh7 66. Rg6 1-0

[Event "Elit(Skara-Solna)"]
[Site "?"]
[Date "2008.03.09"]
[Round "11"]
[White "Djurhuus, Rune"]
[Black "Johansson, Gunnar"]
[Result "1-0"]
[WhiteElo "2570"]
[BlackElo "2296"]
[PlyCount "99"]

1. d4 d5 2. c4 c6 3. Nf3 Nf6 4. e3 Bf5 5. Nc3 e6 6. Nh4 Bg6 7. Qb3 Qc7 8. Bd2
Nbd7 9. Nxg6 hxg6 10. h3 Nb6 11. cxd5 exd5 12. O-O-O O-O-O 13. f3 Kb8 14. Kb1
Ka8 15. Rc1 Qd6 16. a3 Be7 17. Bd3 Rhe8 18. Be1 Nh5 19. g4 Nf6 20. h4 Qb8 21.
Bf2 Bd6 22. Rhg1 Be7 23. Rg2 Rh8 24. Ne2 Qc8 25. Nf4 Qb8 26. Ka2 Ne8 27. g5 Nd6
28. Bg3 Qc8 29. e4 dxe4 30. fxe4 Qd7 31. Rgc2 Qe8 32. a4 Nd7 33. a5 Nb8 34. d5
Rc8 35. e5 Nf5 36. a6 Qd7 37. Bxf5 gxf5 38. e6 fxe6 39. dxe6 Qc7 40. Ng6 Qa5+
41. Kb1 Nxa6 42. Nxe7 Rcd8 43. Ng6 Rhe8 44. e7 Rd5 45. Be1 Qb6 46. Qxd5 cxd5
47. Rc8+ Nb8 48. Rxe8 Qxg6 49. Rcc8 f4+ 50. Kc1 1-0

[Event "Elit(Skara-Solna)"]
[Site "?"]
[Date "2008.03.09"]
[Round "11"]
[White "Bergstrom, Christer"]
[Black "Cicak, Slavko"]
[Result "1/2-1/2"]
[WhiteElo "2333"]
[BlackElo "2581"]
[PlyCount "123"]

1. Nf3 c5 2. c4 b6 3. g3 Bb7 4. Bg2 g6 5. d4 cxd4 6. Qxd4 Nf6 7. Nc3 Bg7 8. O-O
d6 9. b3 Nbd7 10. Bb2 a6 11. Rfd1 Rb8 12. Qe3 O-O 13. Nd4 Bxg2 14. Kxg2 Rc8 15.
Rac1 Rc5 16. Qf3 Qa8 17. Qxa8 Rxa8 18. h3 Rb8 19. Na4 Rc7 20. f4 Ne8 21. e4 Kf8
22. Kf3 b5 23. cxb5 Rxc1 24. Bxc1 axb5 25. Nc3 Nc7 26. Be3 Nc5 27. b4 N5e6 28.
Nxe6+ Nxe6 29. Nd5 Rc8 30. f5 Nd8 31. Bg5 e6 32. fxe6 fxe6 33. Nf4 e5 34. Nd5
Ne6 35. Be3 Nd4+ 36. Kf2 Ra8 37. Rd2 Ra4 38. g4 Ra3 39. Rb2 Ke8 40. Kg2 Ne6 41.
Rc2 g5 42. Rc8+ Kf7 43. Rb8 Rxa2+ 44. Kg3 Nf4 45. Rb7+ Kg6 46. Ne7+ Kf6 47. Nf5
Bf8 48. Rxb5 Rg2+ 49. Kf3 Rh2 50. Rb8 Rxh3+ 51. Kf2 Kf7 52. b5 Rh2+ 53. Kf3 Rb2
54. b6 d5 55. exd5 Nxd5 56. Bxg5 Rxb6 57. Rd8 Nc3 58. Rd7+ Kg8 59. Ne7+ Bxe7
60. Rxe7 e4+ 61. Kg3 Rb3 62. Kh4 1/2-1/2

[Event "Elit(Skara-Solna)"]
[Site "?"]
[Date "2008.03.09"]
[Round "11"]
[White "Friberg, Hans"]
[Black "Jonsson, Mikael"]
[Result "0-1"]
[WhiteElo "2285"]
[BlackElo "2324"]
[PlyCount "84"]

1. Nf3 d5 2. d4 Nf6 3. c4 c6 4. Nc3 dxc4 5. a4 Bf5 6. Nh4 e6 7. Nxf5 exf5 8. e3
Bb4 9. Bxc4 O-O 10. O-O Nbd7 11. Qc2 g6 12. Bd2 a5 13. Rad1 Nb6 14. Bb3 Re8 15.
Bc1 Nbd5 16. Kh1 Bf8 17. Qd3 Bh6 18. Rde1 Rc8 19. f3 Rc7 20. Bd2 Nb4 21. Qc4
Nh5 22. Re2 f4 23. e4 Ng3+ 24. Kg1 Nxe2+ 25. Nxe2 g5 26. Rd1 Bf8 27. Bc3 Rd7
28. h4 h6 29. Kf2 Qb8 30. hxg5 b5 31. Qxf7+ Rxf7 32. g6 Ree7 33. Rh1 Kh8 34.
gxf7 Bg7 35. Rh4 Nd3+ 36. Kg1 bxa4 37. Bc4 Nxb2 38. Nxf4 Nxc4 39. Ng6+ Kh7 40.
Nxe7 Qc7 41. Nf5 Qxf7 42. g4 Qb7 0-1

[Event "Elit(Skara-Solna)"]
[Site "?"]
[Date "2008.03.09"]
[Round "11"]
[White "Karlsson, Tomas"]
[Black "Mohammadi, Amir"]
[Result "1-0"]
[WhiteElo "2293"]
[BlackElo "2301"]
[PlyCount "157"]

1. e4 c5 2. Nf3 e6 3. d4 cxd4 4. Nxd4 a6 5. Bd3 d6 6. O-O Nf6 7. c4 Be7 8. Nc3
O-O 9. Kh1 Qc7 10. Be3 b6 11. Rc1 Bb7 12. f3 Re8 13. Qd2 Nbd7 14. b3 Rac8 15.
Qb2 Nf8 16. Rfd1 Qb8 17. Bf1 Ng6 18. Nde2 Nd7 19. Nf4 Ba8 20. Nxg6 hxg6 21. Bf4
Ne5 22. Qf2 Bc6 23. Be3 b5 24. cxb5 axb5 25. b4 Qb7 26. a4 bxa4 27. b5 Bd7 28.
Nxa4 Rb8 29. Nb6 Red8 30. Nxd7 Nxd7 31. Ra1 Nc5 32. e5 Rbc8 33. exd6 Rxd6 34.
Rdc1 Rd5 35. Qa2 Bf6 36. Qa7 Bxa1 37. Qxb7 Nxb7 38. Rxc8+ Kh7 39. Rc7 Nd6 40.
b6 Rd1 41. Kg1 Rb1 42. g4 e5 43. Rc6 Nb7 44. Kf2 Bd4 45. Bxd4 exd4 46. Ba6 Nd8
47. Rd6 Rb2+ 48. Kg3 Ne6 49. Bc4 g5 50. Bxe6 fxe6 51. Rxe6 d3 52. Rd6 d2 53. h4
gxh4+ 54. Kxh4 Rxb6 55. Rxd2 Kg6 56. Rd5 Ra6 57. Rb5 Rc6 58. f4 Rc1 59. Rb6+
Kh7 60. Kg5 Rc5+ 61. f5 Ra5 62. Rb8 Rc5 63. Re8 Ra5 64. Kf4 Ra1 65. Re3 Ra4+
66. Re4 Ra1 67. g5 Rg1 68. g6+ Kh6 69. Re3 Rf1+ 70. Ke5 Kg5 71. Ke6 Ra1 72. Kf7
Kxf5 73. Kxg7 Rg1 74. Rf3+ Ke6 75. Kh7 Rh1+ 76. Kg8 Rg1 77. g7 Ke7 78. Re3+ Kf6
79. Kf8 1-0

[Event "Elit(Skara-Solna)"]
[Site "?"]
[Date "2008.03.09"]
[Round "11"]
[White "Eklund, Lars-Goran"]
[Black "Dalmau, Jorgen"]
[Result "1/2-1/2"]
[WhiteElo "2355"]
[BlackElo "2191"]
[PlyCount "106"]

1. Nf3 Nf6 2. c4 g6 3. Nc3 Bg7 4. e4 d6 5. d4 O-O 6. Be2 e5 7. dxe5 dxe5 8.
Qxd8 Rxd8 9. Bg5 Re8 10. O-O-O h6 11. Bh4 Na6 12. Ne1 Be6 13. Nc2 c6 14. f3 Nd7
15. Rd2 Nb6 16. b3 f6 17. Rhd1 h5 18. Bf2 Bf8 19. a4 Nc5 20. Kb2 a5 21. g3 Rab8
22. f4 Na8 23. fxe5 fxe5 24. g4 hxg4 25. Ne3 b5 26. axb5 cxb5 27. cxb5 Nxb3 28.
Rd7 Nb6 29. Rc7 a4 30. Bxg4 a3+ 31. Ka2 Nc1+ 32. Kb1 a2+ 33. Nxa2 Bxa2+ 34.
Kxc1 Ba3+ 35. Kc2 Bf7 36. Nd5 Nxd5 37. exd5 Rxb5 38. Bd7 Rb2+ 39. Kc3 Reb8 40.
Rd2 R8b3+ 41. Kc4 Rb4+ 42. Kc3 R2b3+ 43. Kc2 Rb1 44. Rc8+ Kh7 45. Kd3 Bxd5 46.
Bg3 R4b3+ 47. Ke2 Bf3+ 48. Kf2 Bb2 49. Be6 Bd4+ 50. Rxd4 R1b2+ 51. Kf1 Rb1+ 52.
Kf2 R1b2+ 53. Kf1 Rb1+ 1/2-1/2

[Event "Elit(Skara-Solna)"]
[Site "?"]
[Date "2008.03.09"]
[Round "11"]
[White "Landgren, Andreas"]
[Black "Svensson, Sven"]
[Result "1/2-1/2"]
[WhiteElo "2198"]
[BlackElo "2279"]
[PlyCount "26"]

1. d4 Nf6 2. c4 e6 3. Nc3 Bb4 4. Qc2 O-O 5. a3 Bxc3+ 6. Qxc3 d6 7. Nf3 Nbd7 8.
e3 b6 9. Be2 Bb7 10. O-O c5 11. b4 Qe7 12. dxc5 Ne4 13. Qb3 dxc5 1/2-1/2

[Event "Elit(Skara-Solna)"]
[Site "?"]
[Date "2008.03.09"]
[Round "11"]
[White "Andersson, Goran"]
[Black "Bergstrom, Magnus"]
[Result "1-0"]
[WhiteElo "2198"]
[BlackElo "2206"]
[PlyCount "79"]

1. e4 c5 2. Nf3 Nc6 3. d4 cxd4 4. Nxd4 e6 5. Nc3 a6 6. Nxc6 bxc6 7. Bd3 d5 8.
O-O h5 9. Qe2 Nf6 10. Bg5 Be7 11. Rae1 Nxe4 12. Bxe7 Nxc3 13. Qe5 Qxe7 14. Qxg7
Qf8 15. Qxc3 Bd7 16. f4 Rg8 17. Re2 f5 18. Qa5 Kf7 19. c4 Qg7 20. Qc5 Qf8 21.
Qe3 a5 22. Rfe1 Rg7 23. cxd5 cxd5 24. Qb6 Kg8 25. Rxe6 Bxe6 26. Qxe6+ Rf7 27.
Bxf5 Qc5+ 28. Kh1 Raa7 29. Qg6+ Kf8 30. Qxh5 Qd4 31. Qh6+ Qg7 32. Qd6+ Rfe7 33.
Qd8+ Kf7 34. Qxd5+ Kf8 35. Be6 Qf6 36. Qd8+ Kg7 37. Qg8+ Kh6 38. Re3 Rg7 39.
Rh3+ Kg6 40. Rg3+ 1-0

[Event "Elit(Sollentuna-LASK)"]
[Site "?"]
[Date "2008.03.09"]
[Round "11"]
[White "Lund, Esben"]
[Black "Agrest, Evgenij"]
[Result "0-1"]
[WhiteElo "2474"]
[BlackElo "2668"]
[PlyCount "82"]

1. d4 d5 2. c4 c6 3. Nf3 Nf6 4. e3 Bg4 5. h3 Bh5 6. cxd5 Bxf3 7. Qxf3 cxd5 8.
Nc3 Nc6 9. g4 h6 10. Bd2 e6 11. h4 Bb4 12. Bd3 e5 13. dxe5 Nxe5 14. Bb5+ Kf8
15. Qg2 Qa5 16. O-O Nexg4 17. Be2 h5 18. a3 Be7 19. Rfd1 Rd8 20. Rac1 Qb6 21.
Be1 Rh6 22. Nxd5 Nxd5 23. Rxd5 Rg6 24. Kh1 Nxf2+ 25. Qxf2 Rxd5 26. Bc4 Rf6 27.
Bxd5 Rxf2 28. Rc8+ Bd8 29. Bxf2 Ke7 30. b4 Qf6 31. Kg2 Qf5 32. Bxb7 Qd7 33. Ba6
Bc7 34. Rxc7 Qxc7 35. Be2 Qc3 36. e4 Qxa3 37. b5 Qa4 38. Kf3 f6 39. Bc5+ Ke6
40. Be3 g6 41. Kf4 g5+ 0-1

[Event "Elit(Sollentuna-LASK)"]
[Site "?"]
[Date "2008.03.09"]
[Round "11"]
[White "Berg, Emanuel"]
[Black "Tikkanen, Hans"]
[Result "1-0"]
[WhiteElo "2649"]
[BlackElo "2497"]
[PlyCount "85"]

1. e4 e5 2. Nf3 Nc6 3. Bb5 a6 4. Ba4 Nf6 5. d3 Bc5 6. O-O d6 7. c3 b5 8. Bb3
Bb6 9. Re1 Bg4 10. h3 Bh5 11. Nbd2 O-O 12. Nf1 Re8 13. g4 Bg6 14. Bg5 Na5 15.
Bc2 d5 16. b4 Nb7 17. d4 h6 18. Bh4 dxe4 19. Nxe5 Bh7 20. Ne3 Qc8 21. f4 c6 22.
Bb3 Nd6 23. Kg2 Qb7 24. g5 hxg5 25. fxg5 Nd5 26. Bxd5 cxd5 27. Qg4 Re6 28. a4
Rc8 29. a5 Ba7 30. Rac1 Rxc3 31. Rxc3 Bxd4 32. Nxf7 Bxc3 33. Nd8 Qd7 34. Qxe6+
Qxe6 35. Nxe6 Bxe1 36. Bxe1 Kf7 37. Nd4 Kg6 38. Nxd5 Kxg5 39. Bd2+ Kh5 40. Nf4+
Kg5 41. Nd5+ Kh5 42. Nc7 Nc4 43. Be1 1-0

[Event "Elit(Sollentuna-LASK)"]
[Site "?"]
[Date "2008.03.09"]
[Round "11"]
[White "Smith, Axel"]
[Black "Ivanov, Sergej"]
[Result "1/2-1/2"]
[WhiteElo "2463"]
[BlackElo "2620"]
[PlyCount "59"]

1. e4 c5 2. Nf3 e6 3. d4 cxd4 4. Nxd4 Nc6 5. Nc3 Qc7 6. Be3 a6 7. Qd2 Nf6 8.
O-O-O Bb4 9. f3 Ne5 10. Nb3 b5 11. Qe1 Be7 12. f4 Ng6 13. e5 Ng4 14. Bd2 Bb7
15. Bd3 Rc8 16. Qe2 Nh6 17. Rhf1 O-O 18. g4 d6 19. f5 Nxe5 20. Bxh6 gxh6 21. f6
Bd8 22. Qe3 Nxd3+ 23. Rxd3 b4 24. Qxh6 Bxf6 25. Qxf6 bxc3 26. Qg5+ Kh8 27. Qf6+
Kg8 28. Qg5+ Kh8 29. Qf6+ Kg8 30. Qg5+ 1/2-1/2

[Event "Elit(Sollentuna-LASK)"]
[Site "?"]
[Date "2008.03.09"]
[Round "11"]
[White "Cramling, Pia"]
[Black "Semcesen, Daniel"]
[Result "1-0"]
[WhiteElo "2610"]
[BlackElo "2413"]
[PlyCount "83"]

1. d4 d5 2. Nf3 Nf6 3. c4 dxc4 4. e3 e6 5. Bxc4 c5 6. O-O a6 7. a4 Nc6 8. Nc3
Bd6 9. dxc5 Bxc5 10. Qxd8+ Kxd8 11. e4 Bd6 12. Rd1 Ke7 13. Rxd6 Kxd6 14. e5+
Kc5 15. Be3+ Kxc4 16. exf6 gxf6 17. Nd2+ Kd3 18. Nce4 Kc2 19. Nc4 Rd8 20. Rc1+
Kb3 21. Rc3+ Ka2 22. Ned2 Rxd2 23. Bxd2 Ne5 24. Nb6 Rb8 25. Rc7 Bd7 26. f4 Bc6
27. fxe5 Rg8 28. g3 fxe5 29. Rxf7 Kxb2 30. Rxh7 Kc2 31. Bb4 Kd3 32. Rh6 Rg4 33.
Bc5 Re4 34. Rxe6 Re1+ 35. Kf2 Re2+ 36. Kg1 Re1+ 37. Kf2 Re2+ 38. Kf1 Bg2+ 39.
Kg1 Bh3 40. Rd6+ Ke4 41. Bf2 Bg4 42. Nd5 1-0

[Event "Elit(Sollentuna-LASK)"]
[Site "?"]
[Date "2008.03.09"]
[Round "11"]
[White "Olsson, Linus"]
[Black "Ernst, Thomas"]
[Result "1/2-1/2"]
[WhiteElo "2465"]
[BlackElo "2526"]
[PlyCount "62"]

1. Nf3 d5 2. d4 Nf6 3. c4 e6 4. g3 Be7 5. Bg2 O-O 6. O-O dxc4 7. Qc2 a6 8. a4
Bd7 9. Qxc4 b5 10. Qc2 Bc6 11. Bg5 Be4 12. Qc1 h6 13. Bxf6 Bxf6 14. Nc3 Bc6 15.
axb5 axb5 16. Rxa8 Bxa8 17. Nxb5 Bxf3 18. Bxf3 c6 19. Nc3 Qxd4 20. Rd1 Qb6 21.
Qc2 Rd8 22. Rxd8+ Qxd8 23. Ne4 Be7 24. Nc5 Qb6 25. Nd3 c5 26. Qa4 Qd8 27. Qb5
Qc8 28. b3 Nd7 29. Bc6 Nb8 30. Bf3 Nd7 31. Bc6 Nb8 1/2-1/2

[Event "Elit(Sollentuna-LASK)"]
[Site "?"]
[Date "2008.03.09"]
[Round "11"]
[White "Lindberg, Bo"]
[Black "Dragicevic, Drazen"]
[Result "0-1"]
[WhiteElo "2478"]
[BlackElo "2348"]
[PlyCount "116"]

1. d4 Nf6 2. Bg5 e6 3. Nd2 c5 4. e3 Nc6 5. Ngf3 b6 6. c3 Be7 7. Bd3 d5 8. O-O
Nd7 9. Bxe7 Nxe7 10. e4 cxd4 11. Nxd4 O-O 12. exd5 Nc5 13. Bb5 Nxd5 14. Bc6 Bb7
15. Bxb7 Nxb7 16. Qf3 Nc5 17. Rfd1 Rc8 18. c4 Nf6 19. Nb5 Qe7 20. b4 Na6 21. a3
Rfd8 22. Rac1 Nb8 23. Nf1 a6 24. Nd4 h6 25. h3 a5 26. bxa5 bxa5 27. Nb5 Nc6 28.
Rxd8+ Qxd8 29. Rd1 Qb6 30. Ne3 Ne5 31. Qf4 Nxc4 32. Nxc4 Qxb5 33. Nd6 Qb3 34.
Nxc8 Qxd1+ 35. Kh2 Qb3 36. Qd6 Kh7 37. Qf8 Qb8+ 38. g3 Ne4 39. Kg2 Qb2 40. Qxf7
Nxf2 41. Qxf2 Qb7+ 42. Qf3 Qxc8 43. Qe4+ Kh8 44. h4 Qe8 45. Kh2 a4 46. Kh3 e5
47. Kg4 Qe6+ 48. Kf3 Qb3+ 49. Kg4 h5+ 50. Kh3 Qxa3 51. Qf5 Qe7 52. Qxh5+ Kg8
53. Qg4 a3 54. Qc8+ Kh7 55. Kg2 e4 56. Qc4 e3 57. Qc2+ Kh6 58. h5 Qe6 0-1

[Event "Elit(Sollentuna-LASK)"]
[Site "?"]
[Date "2008.03.09"]
[Round "11"]
[White "Bejtovic, Jasmin"]
[Black "Couso, Luis"]
[Result "1/2-1/2"]
[WhiteElo "2404"]
[BlackElo "2350"]
[PlyCount "95"]

1. e4 c5 2. Nf3 e6 3. d4 cxd4 4. Nxd4 a6 5. Nc3 Nc6 6. Be2 Qc7 7. O-O b5 8.
Nxc6 dxc6 9. f4 e5 10. fxe5 Bc5+ 11. Kh1 Ne7 12. Bf4 Be6 13. Bg4 Qc8 14. Bxe6
Qxe6 15. Qh5 Ng6 16. Rad1 O-O 17. Bg3 Rad8 18. Qf5 Bd4 19. Qxe6 fxe6 20. Rxf8+
Rxf8 21. h3 Bxe5 22. Bxe5 Nxe5 23. Kg1 Rc8 24. b3 Kf7 25. Kf2 Ke7 26. Ke2 c5
27. Rd2 g5 28. Ke3 h5 29. Nd1 h4 30. c3 c4 31. b4 a5 32. a3 Ra8 33. Nf2 axb4
34. axb4 Nc6 35. Rc2 Ra3 36. Kd2 Ne5 37. Ke3 Ra1 38. Kd4 Kd6 39. Ke3 Rg1 40.
Rd2+ Kc6 41. Kd4 Kd6 42. Ke3+ Ke7 43. Kd4 Nd7 44. Ng4 Re1 45. e5 Kd8 46. Nh6
Ke7 47. Ng4 Kd8 48. Nh6 1/2-1/2

[Event "Elit(Sollentuna-LASK)"]
[Site "?"]
[Date "2008.03.09"]
[Round "11"]
[White "Bergstrom, Peter"]
[Black "Nicklasson, Christer"]
[Result "1/2-1/2"]
[WhiteElo "2349"]
[BlackElo "2395"]
[PlyCount "87"]

1. e4 c5 2. Nf3 e6 3. d4 cxd4 4. Nxd4 a6 5. Bd3 Qb6 6. Nb3 Qc7 7. O-O Nf6 8.
Nc3 d6 9. a4 b6 10. f4 Nbd7 11. Qe1 Be7 12. Qg3 O-O 13. Bd2 Bb7 14. Rae1 e5 15.
Kh1 Rfe8 16. Qh3 exf4 17. Nd4 g6 18. Bxf4 Ne5 19. Bg5 Nfg4 20. Bxe7 Qxe7 21.
Qg3 Nf6 22. Nf5 Qe6 23. Nd4 Qe7 24. Nf5 Qe6 25. Qg5 Nfd7 26. Ne2 f6 27. Qg3 Nc5
28. Nf4 Qd7 29. Nh5 Rf8 30. Nh6+ Kh8 31. Nxf6 Qg7 32. Nhg4 Nxg4 33. Nxg4 Nxe4
34. Bxe4 Bxe4 35. Qxd6 h5 36. Rxf8+ Rxf8 37. Ne3 Rf6 38. Qd2 Re6 39. c3 Qe7 40.
Rf1 Bc6 41. Nd5 Qd6 42. Qd4+ Qe5 43. Qxe5+ Rxe5 44. Nf4 1/2-1/2

[Event "Elit(Kamraterna-Wasa)"]
[Site "?"]
[Date "2008.03.09"]
[Round "11"]
[White "Wedberg, Tom"]
[Black "Svenn, Gosta"]
[Result "1-0"]
[WhiteElo "2556"]
[BlackElo "2358"]
[PlyCount "99"]
[SourceDate "2008.03.13"]

1. e4 e5 2. Nf3 Nc6 3. Bb5 a6 4. Ba4 Nf6 5. O-O Be7 6. Bxc6 dxc6 7. d3 Nd7 8.
Nbd2 O-O 9. Nc4 Bd6 10. b3 Qe7 11. Bb2 c5 12. a4 b6 13. Ne3 Nf6 14. Nd2 Re8 15.
Qf3 Be6 16. Kh1 Nd7 17. Qg3 f6 18. Ndc4 Rad8 19. Rae1 Nb8 20. Nxd6 cxd6 21. f4
exf4 22. Rxf4 Nd7 23. Ref1 Rf8 24. Nf5 Bxf5 25. exf5 Rfe8 26. Re4 Qf8 27. Rfe1
Rxe4 28. Rxe4 Re8 29. Qe1 Rxe4 30. Qxe4 h6 31. Qe6+ Qf7 32. Qxd6 Qh5 33. Qd5+
Kf8 34. Qf3 Qxf3 35. gxf3 Ke7 36. Kg2 Kd6 37. Kg3 Nb8 38. Kf4 Nc6 39. Ke4 Ne7
40. d4 Kc6 41. a5 bxa5 42. Ba3 Nd5 43. Bxc5 a4 44. c4 Nb6 45. bxa4 Nxc4 46. Bf8
Nd2+ 47. Kf4 a5 48. Bxg7 Nb1 49. Bxf6 Nc3 50. Bg7 1-0

[Event "Elit(Kamraterna-Wasa)"]
[Site "?"]
[Date "2008.03.09"]
[Round "11"]
[White "Svensson, Bengt"]
[Black "Genkin, Michael"]
[Result "1-0"]
[WhiteElo "2515"]
[BlackElo "2339"]
[PlyCount "107"]

1. e4 c5 2. Nf3 d6 3. d4 cxd4 4. Nxd4 Nf6 5. Nc3 a6 6. Bg5 e6 7. f4 Nbd7 8. Qf3
Qc7 9. O-O-O Be7 10. g4 b5 11. Bxf6 Nxf6 12. g5 Nd7 13. h4 b4 14. Nce2 Bb7 15.
Ng3 d5 16. Nh5 Rg8 17. e5 Bc5 18. Qd3 g6 19. Nf6+ Nxf6 20. gxf6 O-O-O 21. Kb1
Kb8 22. Bh3 Qb6 23. Bg4 h5 24. Be2 Bxd4 25. Qxd4 Ka7 26. Rh3 a5 27. a3 Ba6 28.
Bxa6 Kxa6 29. axb4 axb4 30. Rb3 Rb8 31. c3 Rgc8 32. Rxb4 Qxd4 33. Rdxd4 Rb5 34.
Kc2 Kb6 35. Rxb5+ Kxb5 36. Rb4+ Kc6 37. Ra4 Kb6 38. Kd3 Rd8 39. Kd4 Rc8 40.
Rb4+ Kc6 41. c4 Rd8 42. c5 Ra8 43. Rb6+ Kc7 44. b4 Ra1 45. b5 Ra4+ 46. Ke3 Ra3+
47. Kd2 Ra5 48. Kc3 Ra4 49. Kb3 Rc4 50. Rc6+ Kb7 51. f5 gxf5 52. Rxe6 f4 53.
Re7+ Kc8 54. e6 1-0

[Event "Elit(Kamraterna-Wasa)"]
[Site "?"]
[Date "2008.03.09"]
[Round "11"]
[White "von Bahr, Oskar"]
[Black "Svenn, Matti"]
[Result "1-0"]
[WhiteElo "2388"]
[BlackElo "2246"]
[PlyCount "121"]

1. e4 e5 2. Nf3 Nc6 3. Bb5 a6 4. Ba4 Nf6 5. O-O Be7 6. Re1 b5 7. Bb3 d6 8. c3
O-O 9. h3 Na5 10. Bc2 c5 11. d3 Qc7 12. Nbd2 Nc6 13. Nf1 d5 14. Ng3 dxe4 15.
dxe4 Re8 16. Nh2 Be6 17. Qf3 Rad8 18. Nf5 Bxf5 19. Qxf5 Qc8 20. Qf3 c4 21. Nf1
Bc5 22. Bg5 Re6 23. Ng3 h6 24. Bc1 Ne7 25. Re2 Red6 26. Kh2 Bb6 27. Nf1 Nd7 28.
g4 Nc5 29. h4 Nd3 30. g5 Nxc1 31. Rxc1 hxg5 32. hxg5 Ng6 33. Ng3 Rd2 34. Nf5
Qd7 35. Ne3 Rxe2 36. Qxe2 Qd2 37. Qxd2 Rxd2 38. Kg3 Nf4 39. Kf3 Bxe3 40. Kxe3
Re2+ 41. Kf3 Kh7 42. a4 Kg6 43. axb5 axb5 44. b3 Kxg5 45. bxc4 bxc4 46. Ba4 Rb2
47. Ke3 Nd3 48. Rc2 Rb6 49. Be8 Kf6 50. Ra2 Ke7 51. Ba4 g6 52. Bc2 Nc5 53. Bd1
Rb1 54. Bc2 Rb7 55. Bd1 f5 56. exf5 gxf5 57. f4 Ne4 58. Ra5 Nxc3 59. Rxe5+ Kf6
60. Bc2 Ne4 61. Rxf5+ 1-0